The Indian journal of medical research
| Previous Title: | Indian journal of medical research. Section A, Infectious diseases Indian journal of medical research. Section B, Biomedical research other than infectious diseases |
|---|---|
| Corporate Author: | |
| Format: | Electronic Journal |
| Language: | English |
| Published: |
New Delhi, India :
Indian Council of Medical Research
|
| Subjects: | |
| Online Access: | Full text available from Research Library: 02/01/1998 to 12/31/2008 Full text available from Research Library: 01/01/2011 to present |
MARC
| LEADER | 00000nas a2200000 a 4500 | ||
|---|---|---|---|
| 001 | ssj0019279 | ||
| 003 | WaSeSS | ||
| 005 | 20200512172242.0 | ||
| 006 | m d | ||
| 007 | cr n | ||
| 008 | 050423c19949999ii mr p s 0 0eng c | ||
| 010 | |a 2011247783 | ||
| 022 | |y 0971-5916 | ||
| 030 | |a IMIREV | ||
| 035 | |a (WaSeSS)ssj0019279 | ||
| 040 | |a SNM |b eng |c SNM |d PFM |d CUD |d OCLCQ |d COO |d OCLCO |d OCLCQ |d OCLCO |d OCLCF |d OCLCO |d OCLCQ |d WY@ |d BUF |d OCLCO |d OCLCA |d WaSeSS | ||
| 042 | |a pcc | ||
| 050 | 4 | |a R17 |b .I552eb | |
| 130 | 0 | |a Indian journal of medical research (New Delhi, India : 1994 : Online) | |
| 245 | 1 | 4 | |a The Indian journal of medical research |h [electronic resource]. |
| 246 | 1 | 3 | |a IJMR |
| 260 | |a New Delhi, India : |b Indian Council of Medical Research | ||
| 310 | |a Monthly | ||
| 362 | 1 | |a Began with v. 99 (Jan. 1994). | |
| 506 | |a License restrictions may limit access. | ||
| 580 | |a Formed by the union of: Indian journal of medical research. Section A, Infectious diseases, and: Indian journal of medical research. Section B, Biomedical research other than infectious diseases. | ||
| 588 | |a Description based on: V. 117 (Jan. 2003); title from journal home page (publisher's Web site, viewed June 28, 2011). | ||
| 588 | |a Latest issue consulted: V. 133, no. 6 (June 2011) (viewed June 28, 2011). | ||
| 650 | 0 | |a Medicine |v Periodicals. | |
| 650 | 7 | |a Medicine. |2 fast |0 (OCoLC)fst01014893 | |
| 650 | 2 | |a Medicine. | |
| 650 | 2 | |a Research. | |
| 655 | 0 | |a Electronic journals. | |
| 710 | 2 | |a Indian Council of Medical Research. | |
| 780 | 1 | 4 | |t Indian journal of medical research. Section A, Infectious diseases |w (OCoLC)684369142 |
| 780 | 1 | 4 | |t Indian journal of medical research. Section B, Biomedical research other than infectious diseases |w (OCoLC)684475647 |
| 856 | 4 | 0 | |z Full text available from Research Library: 02/01/1998 to 12/31/2008 |u https://search.proquest.com/publication/37533 |
| 856 | 4 | 0 | |z Full text available from Research Library: 01/01/2011 to present |u https://search.proquest.com/publication/4398122 |